| 000 | 00601nam a22001817a 4500 | ||
|---|---|---|---|
| 003 | OSt | ||
| 005 | 20240627055551.0 | ||
| 008 | 240627b |||||||| |||| 00| 0 eng d | ||
| 020 | _a9781680949513 | ||
| 040 |
_aDWC- Main Lib _cOC |
||
| 082 | _aCirc. 658.45 I29 2018 | ||
| 245 | _aIllustrated handbook of managerial communication | ||
| 260 |
_a[Place of publication not identified] : _b3G- E learning, _c2018. |
||
| 300 |
_axiii, 312 pages : _bcolor illustrations ; _c26cm. |
||
| 504 | _aIncludes bibliographical references and index. | ||
| 650 | _a1. Business communication. | ||
| 942 |
_2ddc _cBK-CIRC _n1 |
||
| 999 |
_c1487 _d1487 |
||